000 00457nam a22001817a 4500
003 NUST - PNEC
005 20170116181140.0
008 151008b xxu||||| |||| 00| 0 eng d
020 _a0195771346
040 _cLIBRARY
082 _a954.0252 ERS
100 _914639
_aErskine, William
245 _aHistory of India under Baber
_cWilliam Erskine
250 _a-
260 _cc.1974
650 _914638
_aHistory of india
_xGeneral
942 _2ddc
_cBK
999 _c70477
_d70477